[Event "106th British-ch Major 2019"]
[Site "Torquay"]
[Date "2019.08.04"]
[Round "9.13"]
[White "Warren, Alex M"]
[Black "Modi, Kishan J"]
[Result "1/2-1/2"]
[WhiteElo "1967"]
[BlackElo "1923"]
[Annotator "NA"]
[PlyCount "26"]
[EventDate "2019.07.27"]
[EventType "swiss"]
[EventCountry "GBR"]
[SourceTitle "playchess.com"]
[Source "ChessBase"]
[SourceQuality "1"]
[TimeControl "40/5400+30:1800+30"]

1. Nf3 {[%emt 0:00:00]} Nf6 {[%emt 0:00:00]} 2. c4 {[%emt 0:00:00]} d6 {[%emt 0:00:00]} 3. d4 {[%emt 0:03:10]} Nbd7 {[%emt 0:00:02]} 4. Nc3 {[%emt 0:01:31]} e5 {[%emt 0:00:10]} 5. e4 {[%emt 0:02:00]} g6 {[%emt 0:00:26]} 6. d5 {[%emt 0:06:47]} Bg7 {[%emt 0:00:24]} 7. Bg5 {[%emt 0:03:47]} h6 {[%emt 0:02:15]} 8. Bh4 {[%emt 0:01:16]} g5 {[%emt 0:01:46]} 9. Bg3 {[%emt 0:01:01]} Nh5 {[%emt 0:00:32]} 10. Nd2 {[%emt 0:04:15]} Nf4 {[%emt 0:03:21]} 11. b4 {[%emt 0:02:37]} Nf8 {[%emt 0:08:56]} 12. c5 {[%emt 0:05:26]} N8g6 {[%emt 0:00:43]} 13. Rc1 {[%emt 0:03:43]} a6 {[%emt 0:06:33]} 1/2-1/2

[Event "106th British-ch Major 2019"]
[Site "Torquay"]
[Date "2019.08.04"]
[Round "9.14"]
[White "Chapman, Matt"]
[Black "Nayak, Raghav"]
[Result "1/2-1/2"]
[WhiteElo "1957"]
[BlackElo "1906"]
[Annotator "NA"]
[PlyCount "162"]
[EventDate "2019.07.27"]
[EventType "swiss"]
[EventCountry "GBR"]
[SourceTitle "playchess.com"]
[Source "ChessBase"]
[SourceQuality "1"]
[TimeControl "40/5400+30:1800+30"]

1. e4 {[%emt 0:00:00]} e5 {[%emt 0:07:01]} 2. Nf3 {[%emt 0:00:00]} Nc6 {[%emt 0:00:06]} 3. d4 {[%emt 0:00:00]} exd4 {[%emt 0:00:06]} 4. Bc4 {[%emt 0:00:00]} Bc5 {[%emt 0:00:48]} 5. c3 {[%emt 0:00:18]} d3 {[%emt 0:00:33]} 6. O-O {[%emt 0:01:39]} d6 {[%emt 0:00:33]} 7. b4 {[%emt 0:04:42]} Bb6 {[%emt 0:00:13]} 8. Qxd3 {[%emt 0:00:17]} Nf6 {[%emt 0:02:36]} 9. a4 {[%emt 0:06:48]} a6 {[%emt 0:00:15]} 10. a5 {[%emt 0:04:17]} Ba7 {[%emt 0:00:34]} 11. Bg5 {[%emt 0:00:16]} O-O {[%emt 0:01:30]} 12. Nbd2 {[%emt 0:01:08]} h6 {[%emt 0:21:20]} 13. Bh4 {[%emt 0:02:32]} g5 {[%emt 0:01:52]} 14. Bg3 {[%emt 0:17:16]} Nh5 {[%emt 0:03:35]} 15. Ba2 {[%emt 0:05:49]} Nxg3 {[%emt 0:03:11]} 16. hxg3 {[%emt 0:00:07]} Qf6 {[%emt 0:03:25]} 17. Rae1 {[%emt 0:04:25]} Be6 {[%emt 0:05:21]} 18. Bb1 {[%emt 0:03:09]} Ne5 {[%emt 0:00:17]} 19. Qc2 {[%emt 0:02:30]} Nxf3+ {[%emt 0:04:45]} 20. gxf3 {[%emt 0:05:01]} Bh3 {[%emt 0:01:01]} 21. e5 {[%emt 0:05:43]} Qg6 {[%emt 0:02:48]} 22. Qc1 {[%emt 0:08:51]} Qg7 {[%emt 0:01:32]} 23. exd6 {[%emt 0:00:40]} cxd6 {[%emt 0:01:32]} 24. Re7 {[%emt 0:03:19]} Bxf1 {[%emt 0:00:22]} 25. Kxf1 {[%emt 0:00:28]} d5 {[%emt 0:04:14]} 26. Rxb7 {[%emt 0:03:12]} Qe5 {[%emt 0:01:03]} 27. Qc2 {[%emt 0:02:30]} f5 {[%emt 0:00:50]} 28. Qd3 {[%emt 0:03:08]} Rf6 {[%emt 0:20:52]} 29. f4 {[%emt 0:08:14]} Qd6 {[%emt 0:02:48]} 30. Ba2 {[%emt 0:00:20]} gxf4 {[%emt 0:03:20]} 31. gxf4 {[%emt 0:00:23]} Kh8 {[%emt 0:02:30]} 32. Qxd5 {[%emt 0:01:29]} Rd8 {[%emt 0:00:33]} 33. Qxd6 {[%emt 0:01:42]} Rfxd6 {[%emt 0:00:51]} 34. Nf3 {[%emt 0:03:24]} R8d7 {[%emt 0:01:11]} 35. Rxd7 {[%emt 0:00:11]} Rxd7 {[%emt 0:00:01]} 36. Ne5 {[%emt 0:00:42]} Rd2 {[%emt 0:00:28]} 37. Bc4 {[%emt 0:00:06]} Rxf2+ {[%emt 0:02:12]} 38. Ke1 {[%emt 0:00:01]} Rc2 {[%emt 0:00:46]} 39. Bxa6 {[%emt 0:00:14]} Rxc3 {[%emt 0:00:12]} 40. b5 {[%emt 0:02:01]} Ra3 {[%emt 0:02:19]} 41. Nc4 {[%emt 0:07:24]} Ra4 {[%emt 0:04:01]} 42. b6 {[%emt 0:00:05]} Bxb6 {[%emt 0:07:31]} 43. Nxb6 {[%emt 0:01:00]} Rxa5 {[%emt 0:00:05]} 44. Bd3 {[%emt 0:00:50]} h5 {[%emt 0:02:41]} 45. Kf2 {[%emt 0:01:45]} Kg7 {[%emt 0:00:33]} 46. Nd7 {[%emt 0:01:17]} Rd5 {[%emt 0:01:21]} 47. Ne5 {[%emt 0:00:09]} Kf6 {[%emt 0:00:34]} 48. Kg3 {[%emt 0:00:15]} Rd4 {[%emt 0:01:27]} 49. Kf3 {[%emt 0:03:41]} h4 {[%emt 0:00:43]} 50. Ke3 {[%emt 0:02:20]} Rd5 {[%emt 0:02:31]} 51. Nf3 {[%emt 0:01:29]} h3 {[%emt 0:00:59]} 52. Bf1 {[%emt 0:00:46]} h2 {[%emt 0:01:29]} 53. Nxh2 {[%emt 0:01:06]} Ra5 {[%emt 0:00:18]} 54. Bd3 {[%emt 0:00:18]} Rc5 {[%emt 0:00:27]} 55. Nf3 {[%emt 0:00:24]} Ra5 {[%emt 0:00:18]} 56. Nd4 {[%emt 0:01:54]} Rc5 {[%emt 0:00:33]} 57. Kd2 {[%emt 0:00:57]} Ra5 {[%emt 0:00:58]} 58. Kc3 {[%emt 0:00:38]} Ra1 {[%emt 0:02:03]} 59. Nc2 {[%emt 0:02:35]} Ra5 {[%emt 0:02:04]} 60. Ne3 {[%emt 0:02:29]} Ra1 {[%emt 0:01:04]} 61. Kd4 {[%emt 0:00:42]} Ra4+ {[%emt 0:00:10]} 62. Bc4 {[%emt 0:00:22]} Ra1 {[%emt 0:01:01]} 63. Kc5 {[%emt 0:00:59]} Re1 {[%emt 0:01:29]} 64. Nd5+ {[%emt 0:00:57]} Kg6 {[%emt 0:00:18]} 65. Bd3 {[%emt 0:01:44]} Rd1 {[%emt 0:01:50]} 66. Kd4 {[%emt 0:00:31]} Ra1 {[%emt 0:01:00]} 67. Ne7+ {[%emt 0:01:16]} Kf6 {[%emt 0:00:15]} 68. Nxf5 {[%emt 0:00:19]} Rd1 {[%emt 0:00:32]} 69. Ne3 {[%emt 0:00:13]} Ra1 {[%emt 0:02:00]} 70. Ng4+ {[%emt 0:00:42]} Kf7 {[%emt 0:00:33]} 71. f5 {[%emt 0:00:55]} Rg1 {[%emt 0:01:00]} 72. Ne3 {[%emt 0:01:04]} Ra1 {[%emt 0:01:01]} 73. Nd5 {[%emt 0:00:46]} Rd1 {[%emt 0:00:34]} 74. Ke3 {[%emt 0:00:56]} Ra1 {[%emt 0:00:23]} 75. Kf4 {[%emt 0:00:14]} Ra4+ {[%emt 0:00:26]} 76. Ke5 {[%emt 0:00:07]} Ra1 {[%emt 0:00:24]} 77. f6 {[%emt 0:01:18]} Re1+ {[%emt 0:00:38]} 78. Be4 {[%emt 0:00:14]} Rf1 {[%emt 0:00:19]} 79. Nf4 {[%emt 0:05:18]} Rxf4 {[%emt 0:00:55]} 80. Bd5+ {[%emt 0:00:13]} Kg6 {[%emt 0:00:12]} 81. Kxf4 {[%emt 0:00:04]} Kxf6 {[%emt 0:00:07]} 1/2-1/2

[Event "106th British-ch Major 2019"]
[Site "Torquay"]
[Date "2019.08.04"]
[Round "9.15"]
[White "Cocks, Elliot"]
[Black "Gardiner, Eric D"]
[Result "0-1"]
[WhiteElo "1907"]
[BlackElo "1957"]
[Annotator "NA"]
[PlyCount "103"]
[EventDate "2019.07.27"]
[EventType "swiss"]
[EventCountry "GBR"]
[SourceTitle "playchess.com"]
[Source "ChessBase"]
[SourceQuality "1"]
[TimeControl "40/5400+30:1800+30"]

1. e4 {[%emt 0:00:00]} e6 {[%emt 0:00:00]} 2. d4 {[%emt 0:01:32]} d5 {[%emt 0:00:00]} 3. Nd2 {[%emt 0:04:49]} Be7 {[%emt 0:00:00]} 4. Bd3 {[%emt 0:02:29]} c5 {[%emt 0:00:39]} 5. dxc5 {[%emt 0:02:39]} Nf6 {[%emt 0:00:56]} 6. exd5 {[%emt 0:06:26]} exd5 {[%emt 0:00:43]} 7. Ngf3 {[%emt 0:00:16]} O-O {[%emt 0:06:18]} 8. Nb3 {[%emt 0:04:44]} Nbd7 {[%emt 0:09:59]} 9. O-O {[%emt 0:01:03]} Nxc5 {[%emt 0:02:08]} 10. Nxc5 {[%emt 0:01:22]} Bxc5 {[%emt 0:00:05]} 11. Bg5 {[%emt 0:00:31]} Qb6 {[%emt 0:00:54]} 12. Rb1 {[%emt 0:04:08]} Ne4 {[%emt 0:12:56]} 13. Bh4 {[%emt 0:01:52]} Bf5 {[%emt 0:10:29]} 14. Nd2 {[%emt 0:06:28]} Qh6 {[%emt 0:02:38]} 15. Nb3 {[%emt 0:00:47]} Bb6 {[%emt 0:09:15]} 16. Bg3 {[%emt 0:00:34]} Qg6 {[%emt 0:05:38]} 17. Nc1 {[%emt 0:11:23]} Rfe8 {[%emt 0:11:38]} 18. Ne2 {[%emt 0:06:38]} Nxg3 {[%emt 0:02:10]} 19. Nxg3 {[%emt 0:03:04]} Bxd3 {[%emt 0:00:12]} 20. Qxd3 {[%emt 0:02:47]} Qxd3 {[%emt 0:00:17]} 21. cxd3 {[%emt 0:00:06]} g6 {[%emt 0:01:09]} 22. Rbc1 {[%emt 0:03:26]} Rac8 {[%emt 0:02:45]} 23. Rfd1 {[%emt 0:00:16]} Bd4 {[%emt 0:02:28]} 24. b3 {[%emt 0:09:55]} Bb2 {[%emt 0:01:04]} 25. Rxc8 {[%emt 0:06:56]} Rxc8 {[%emt 0:00:05]} 26. Nf1 {[%emt 0:00:07]} Bd4 {[%emt 0:04:09]} 27. g3 {[%emt 0:00:43]} Kg7 {[%emt 0:02:10]} 28. Kg2 {[%emt 0:00:17]} Kf6 {[%emt 0:01:40]} 29. Kf3 {[%emt 0:00:55]} h5 {[%emt 0:01:58]} 30. Rd2 {[%emt 0:00:43]} Rc1 {[%emt 0:02:03]} 31. Ne3 {[%emt 0:00:48]} Bxe3 {[%emt 0:00:47]} 32. Kxe3 {[%emt 0:02:13]} Ke6 {[%emt 0:02:26]} 33. Kd4 {[%emt 0:00:40]} Rf1 {[%emt 0:02:00]} 34. f4 {[%emt 0:02:36]} Rh1 {[%emt 0:00:20]} 35. Re2+ {[%emt 0:03:35]} Kd6 {[%emt 0:00:24]} 36. Re5 {[%emt 0:00:31]} Rxh2 {[%emt 0:00:13]} 37. Rxd5+ {[%emt 0:00:07]} Ke6 {[%emt 0:01:35]} 38. Re5+ {[%emt 0:01:33]} Kf6 {[%emt 0:00:28]} 39. a4 {[%emt 0:06:08]} Rg2 {[%emt 0:00:16]} 40. Re3 {[%emt 0:01:21]} Kf5 {[%emt 0:04:03]} 41. Kc3 {[%emt 0:05:31]} Kg4 {[%emt 0:01:39]} 42. d4 {[%emt 0:00:15]} Rxg3 {[%emt 0:00:24]} 43. Rxg3+ {[%emt 0:00:06]} Kxg3 {[%emt 0:00:06]} 44. d5 {[%emt 0:00:04]} h4 {[%emt 0:00:12]} 45. d6 {[%emt 0:00:04]} h3 {[%emt 0:00:07]} 46. d7 {[%emt 0:00:02]} h2 {[%emt 0:00:07]} 47. d8=Q {[%emt 0:00:11]} h1=Q {[%emt 0:00:07]} 48. Qg5+ {[%emt 0:00:52]} Kh2 {[%emt 0:11:55]} 49. Qh4+ {[%emt 0:12:04]} Kg1 {[%emt 0:00:18]} 50. Qe1+ {[%emt 0:03:15]} Kg2 {[%emt 0:00:32]} 51. Qe3 {[%emt 0:00:07]} Qh3 {[%emt 0:01:02]} 52. Kd4 {[%emt 0:00:52]} 0-1

[Event "106th British-ch Major 2019"]
[Site "Torquay"]
[Date "2019.08.04"]
[Round "9.16"]
[White "Young, Daniel J"]
[Black "Rathbone-Jones, Ifan"]
[Result "1-0"]
[WhiteElo "1971"]
[BlackElo "1855"]
[Annotator "NA"]
[PlyCount "65"]
[EventDate "2019.07.27"]
[EventType "swiss"]
[EventCountry "GBR"]
[SourceTitle "playchess.com"]
[Source "ChessBase"]
[SourceQuality "1"]
[TimeControl "40/5400+30:1800+30"]

1. e4 {[%emt 0:00:00]} e6 {[%emt 0:00:00]} 2. d4 {[%emt 0:00:00]} d5 {[%emt 0:00:00]} 3. Nc3 {[%emt 0:00:00]} Bb4 {[%emt 0:00:18]} 4. e5 {[%emt 0:00:01]} c5 {[%emt 0:00:18]} 5. a3 {[%emt 0:00:06]} Bxc3+ {[%emt 0:00:11]} 6. bxc3 {[%emt 0:00:02]} c4 {[%emt 0:00:07]} 7. Qg4 {[%emt 0:01:19]} Qa5 {[%emt 0:01:30]} 8. Bd2 {[%emt 0:01:19]} g6 {[%emt 0:00:20]} 9. Nf3 {[%emt 0:01:24]} Nd7 {[%emt 0:06:47]} 10. Be2 {[%emt 0:01:05]} Nh6 {[%emt 0:00:43]} 11. Qf4 {[%emt 0:02:36]} Nf5 {[%emt 0:00:12]} 12. g4 {[%emt 0:01:27]} Ne7 {[%emt 0:05:59]} 13. Ng5 {[%emt 0:01:38]} O-O {[%emt 0:00:54]} 14. h4 {[%emt 0:08:16]} f6 {[%emt 0:02:40]} 15. Nxe6 {[%emt 0:03:32]} fxe5 {[%emt 0:00:08]} 16. Qh6 {[%emt 0:01:43]} Rf7 {[%emt 0:00:06]} 17. h5 {[%emt 0:05:31]} Qb6 {[%emt 0:03:44]} 18. hxg6 {[%emt 0:02:58]} Nxg6 {[%emt 0:00:07]} 19. Ng5 {[%emt 0:01:35]} Re7 {[%emt 0:01:42]} 20. Nxh7 {[%emt 0:01:42]} exd4 {[%emt 0:00:10]} 21. cxd4 {[%emt 0:01:23]} Qe6 {[%emt 0:04:23]} 22. Be3 {[%emt 0:00:49]} Rg7 {[%emt 0:03:21]} 23. Bf3 {[%emt 0:06:29]} Nb6 {[%emt 0:00:58]} 24. g5 {[%emt 0:06:54]} Qf5 {[%emt 0:03:00]} 25. Nf6+ {[%emt 0:03:43]} Kf7 {[%emt 0:00:10]} 26. Ne8 {[%emt 0:08:59]} Qxc2 {[%emt 0:04:12]} 27. Qxg7+ {[%emt 0:00:44]} Kxe8 {[%emt 0:00:07]} 28. Qg8+ {[%emt 0:01:38]} Kd7 {[%emt 0:03:16]} 29. Qg7+ {[%emt 0:06:13]} Ne7 {[%emt 0:02:10]} 30. Rc1 {[%emt 0:04:53]} Qf5 {[%emt 0:02:12]} 31. Rh7 {[%emt 0:05:15]} Qxf3 {[%emt 0:01:00]} 32. Qxe7+ {[%emt 0:00:11]} Kc6 {[%emt 0:00:04]} 33. Qc5# {[%emt 0:00:26]} 1-0

[Event "106th British-ch Major 2019"]
[Site "Torquay"]
[Date "2019.08.04"]
[Round "9.17"]
[White "Sanitt, Ethan"]
[Black "Taylor, William J"]
[Result "1-0"]
[WhiteElo "1752"]
[BlackElo "2062"]
[Annotator "NA"]
[PlyCount "123"]
[EventDate "2019.07.27"]
[EventType "swiss"]
[EventCountry "GBR"]
[SourceTitle "playchess.com"]
[Source "ChessBase"]
[SourceQuality "1"]
[TimeControl "40/5400+30:1800+30"]

1. c4 {[%emt 0:00:00]} Nf6 {[%emt 0:00:00]} 2. g3 {[%emt 0:00:00]} g6 {[%emt 0:00:02]} 3. Bg2 {[%emt 0:00:00]} Bg7 {[%emt 0:00:05]} 4. Nc3 {[%emt 0:00:00]} O-O {[%emt 0:00:07]} 5. d3 {[%emt 0:00:00]} d6 {[%emt 0:00:18]} 6. e4 {[%emt 0:00:00]} c5 {[%emt 0:00:31]} 7. Nge2 {[%emt 0:00:17]} Nc6 {[%emt 0:00:08]} 8. O-O {[%emt 0:00:15]} a6 {[%emt 0:00:47]} 9. h3 {[%emt 0:00:08]} Rb8 {[%emt 0:00:10]} 10. a4 {[%emt 0:00:07]} Ne8 {[%emt 0:00:36]} 11. Be3 {[%emt 0:00:12]} e5 {[%emt 0:00:10]} 12. Nd5 {[%emt 0:07:20]} Nc7 {[%emt 0:01:06]} 13. Nec3 {[%emt 0:00:49]} Nxd5 {[%emt 0:00:30]} 14. Nxd5 {[%emt 0:00:55]} Be6 {[%emt 0:01:54]} 15. Qd2 {[%emt 0:02:02]} b6 {[%emt 0:00:19]} 16. Bh6 {[%emt 0:08:00]} Qd7 {[%emt 0:03:38]} 17. Kh2 {[%emt 0:05:46]} Nd4 {[%emt 0:03:25]} 18. Bxg7 {[%emt 0:03:20]} Kxg7 {[%emt 0:00:04]} 19. Qg5 {[%emt 0:17:52]} f6 {[%emt 0:19:51]} 20. Qh4 {[%emt 0:00:55]} b5 {[%emt 0:01:09]} 21. axb5 {[%emt 0:01:41]} axb5 {[%emt 0:02:51]} 22. Ra2 {[%emt 0:07:33]} bxc4 {[%emt 0:01:49]} 23. dxc4 {[%emt 0:01:03]} Rb3 {[%emt 0:07:06]} 24. f4 {[%emt 0:06:01]} f5 {[%emt 0:16:51]} 25. Ra8 {[%emt 0:04:45]} Bxd5 {[%emt 0:04:12]} 26. Rxf8 {[%emt 0:00:52]} Kxf8 {[%emt 0:00:03]} 27. cxd5 {[%emt 0:02:23]} Kg7 {[%emt 0:04:47]} 28. Rf2 {[%emt 0:05:21]} Re3 {[%emt 0:07:02]} 29. fxe5 {[%emt 0:01:51]} dxe5 {[%emt 0:00:03]} 30. Qg5 {[%emt 0:00:29]} Rb3 {[%emt 0:04:18]} 31. exf5 {[%emt 0:02:11]} Nxf5 {[%emt 0:00:16]} 32. g4 {[%emt 0:00:22]} h6 {[%emt 0:01:10]} 33. Qc1 {[%emt 0:00:38]} Ne7 {[%emt 0:04:38]} 34. Qxc5 {[%emt 0:00:13]} Rb5 {[%emt 0:00:14]} 35. Qc4 {[%emt 0:03:51]} Nxd5 {[%emt 0:05:14]} 36. Rd2 {[%emt 0:01:13]} e4 {[%emt 0:00:08]} 37. Bxe4 {[%emt 0:03:32]} Qd6+ {[%emt 0:00:01]} 38. Kh1 {[%emt 0:01:47]} Nb6 {[%emt 0:00:34]} 39. Rxd6 {[%emt 0:03:23]} Nxc4 {[%emt 0:00:16]} 40. Rxg6+ {[%emt 0:02:43]} Kf8 {[%emt 0:00:16]} 41. Bd3 {[%emt 0:31:14]} Rb4 {[%emt 0:31:10]} 42. Bxc4 {[%emt 0:00:38]} Rxc4 {[%emt 0:00:03]} 43. Rxh6 {[%emt 0:01:08]} Rc1+ {[%emt 0:00:03]} 44. Kg2 {[%emt 0:00:16]} Rc2+ {[%emt 0:00:03]} 45. Kg3 {[%emt 0:00:18]} Rxb2 {[%emt 0:00:02]} 46. Rh7 {[%emt 0:00:14]} Kg8 {[%emt 0:00:13]} 47. Rc7 {[%emt 0:00:33]} Kh8 {[%emt 0:00:54]} 48. Kh4 {[%emt 0:01:18]} Rb5 {[%emt 0:00:46]} 49. g5 {[%emt 0:00:36]} Rb3 {[%emt 0:00:15]} 50. Kg4 {[%emt 0:00:12]} Rb4+ {[%emt 0:00:16]} 51. Kh5 {[%emt 0:00:13]} Rb3 {[%emt 0:00:32]} 52. h4 {[%emt 0:00:23]} Rb4 {[%emt 0:00:57]} 53. Kh6 {[%emt 0:02:43]} Rb6+ {[%emt 0:01:34]} 54. g6 {[%emt 0:00:17]} Rb8 {[%emt 0:00:06]} 55. h5 {[%emt 0:00:47]} Kg8 {[%emt 0:00:24]} 56. Kg5 {[%emt 0:01:02]} Ra8 {[%emt 0:04:13]} 57. Rc6 {[%emt 0:00:37]} Kg7 {[%emt 0:01:21]} 58. h6+ {[%emt 0:00:11]} Kg8 {[%emt 0:00:31]} 59. h7+ {[%emt 0:01:11]} Kg7 {[%emt 0:00:41]} 60. Rc7+ {[%emt 0:00:23]} Kh8 {[%emt 0:00:13]} 61. Kh6 {[%emt 0:00:20]} Rc8 {[%emt 0:01:06]} 62. g7# {[%emt 0:01:01]} 1-0

[Event "106th British-ch Major 2019"]
[Site "Torquay"]
[Date "2019.08.04"]
[Round "9.18"]
[White "Menadue, Jeremy Fs"]
[Black "Tombolis, Christopher"]
[Result "1-0"]
[WhiteElo "2016"]
[BlackElo "1883"]
[Annotator "NA"]
[PlyCount "39"]
[EventDate "2019.07.27"]
[EventType "swiss"]
[EventCountry "GBR"]
[SourceTitle "playchess.com"]
[Source "ChessBase"]
[SourceQuality "1"]
[TimeControl "40/5400+30:1800+30"]

1. d4 {[%emt 1:00:59]} d5 {[%emt 0:00:08]} 2. c4 {[%emt 0:00:18]} e6 {[%emt 0:00:05]} 3. Nc3 {[%emt 0:00:06]} Nf6 {[%emt 0:00:06]} 4. Bg5 {[%emt 0:00:54]} Be7 {[%emt 0:00:08]} 5. Nf3 {[%emt 0:01:00]} O-O {[%emt 0:00:07]} 6. cxd5 {[%emt 0:01:46]} exd5 {[%emt 0:00:32]} 7. Qc2 {[%emt 0:00:30]} Nbd7 {[%emt 0:02:19]} 8. e3 {[%emt 0:00:42]} h6 {[%emt 0:00:42]} 9. Bf4 {[%emt 0:02:44]} b6 {[%emt 0:02:19]} 10. Bd3 {[%emt 0:11:06]} a6 {[%emt 0:16:13]} 11. g4 {[%emt 0:05:45]} g5 {[%emt 0:16:59]} 12. Bg3 {[%emt 0:21:49]} Bb7 {[%emt 0:04:46]} 13. h4 {[%emt 0:03:59]} Nxg4 {[%emt 0:06:00]} 14. Bf5 {[%emt 0:02:47]} gxh4 {[%emt 0:08:55]} 15. Bxg4 {[%emt 0:07:55]} hxg3 {[%emt 0:00:11]} 16. Rxh6 {[%emt 0:00:09]} Nf6 {[%emt 0:02:24]} 17. Qf5 {[%emt 0:01:28]} gxf2+ {[%emt 0:00:40]} 18. Kf1 {[%emt 0:02:32]} Re8 {[%emt 0:02:59]} 19. Qg5+ {[%emt 0:00:46]} Kf8 {[%emt 0:00:13]} 20. Rh8+ {[%emt 0:00:06]} 1-0

[Event "106th British-ch Major 2019"]
[Site "Torquay"]
[Date "2019.08.04"]
[Round "9.19"]
[White "Rushbrooke, Remy"]
[Black "Camp, Imogen Al"]
[Result "1-0"]
[WhiteElo "1963"]
[BlackElo "1850"]
[Annotator "NA"]
[PlyCount "57"]
[EventDate "2019.07.27"]
[EventType "swiss"]
[EventCountry "GBR"]
[SourceTitle "playchess.com"]
[Source "ChessBase"]
[SourceQuality "1"]
[TimeControl "40/5400+30:1800+30"]

1. d4 {[%emt 0:00:00]} d5 {[%emt 0:00:00]} 2. Nc3 {[%emt 0:00:00]} Nf6 {[%emt 0:00:00]} 3. Bg5 {[%emt 0:00:00]} Nbd7 {[%emt 0:00:00]} 4. e3 {[%emt 0:00:00]} e6 {[%emt 0:06:11]} 5. a3 {[%emt 0:00:10]} Be7 {[%emt 0:00:24]} 6. Bd3 {[%emt 0:00:17]} c5 {[%emt 0:01:40]} 7. Nf3 {[%emt 0:01:45]} O-O {[%emt 0:02:02]} 8. Ne5 {[%emt 0:02:12]} Nxe5 {[%emt 0:03:10]} 9. dxe5 {[%emt 0:00:12]} Nd7 {[%emt 0:00:18]} 10. Bf4 {[%emt 0:00:45]} a6 {[%emt 0:01:44]} 11. Qh5 {[%emt 0:03:32]} g6 {[%emt 0:00:52]} 12. Qg4 {[%emt 0:00:07]} Re8 {[%emt 0:01:26]} 13. h4 {[%emt 0:01:30]} Bf8 {[%emt 0:06:58]} 14. h5 {[%emt 0:02:21]} Bg7 {[%emt 0:03:36]} 15. hxg6 {[%emt 0:00:06]} hxg6 {[%emt 0:00:16]} 16. O-O-O {[%emt 0:08:51]} b5 {[%emt 0:12:00]} 17. Rh3 {[%emt 0:03:58]} c4 {[%emt 0:02:18]} 18. Bxg6 {[%emt 0:00:25]} fxg6 {[%emt 0:01:55]} 19. Qxg6 {[%emt 0:00:05]} Nf8 {[%emt 0:00:43]} 20. Qg4 {[%emt 0:00:33]} Qc7 {[%emt 0:10:26]} 21. Rdh1 {[%emt 0:02:48]} Kf7 {[%emt 0:03:14]} 22. Rg3 {[%emt 0:03:44]} Kg8 {[%emt 0:03:21]} 23. Qh5 {[%emt 0:00:24]} Re7 {[%emt 0:02:31]} 24. Qh8+ {[%emt 0:00:07]} Kf7 {[%emt 0:00:05]} 25. Rxg7+ {[%emt 0:00:05]} Ke8 {[%emt 0:00:04]} 26. Rg8 {[%emt 0:00:57]} Rf7 {[%emt 0:00:52]} 27. Rh7 {[%emt 0:00:24]} Qe7 {[%emt 0:04:18]} 28. Rxf7 {[%emt 0:00:10]} Qxf7 {[%emt 0:00:05]} 29. Bh6 {[%emt 0:00:29]} 1-0

[Event "106th British-ch Major 2019"]
[Site "Torquay"]
[Date "2019.08.04"]
[Round "9.20"]
[White "Brown, Tom"]
[Black "Whitehead, Mark A"]
[Result "1-0"]
[WhiteElo "1953"]
[BlackElo "1887"]
[Annotator "NA"]
[PlyCount "69"]
[EventDate "2019.07.27"]
[EventType "swiss"]
[EventCountry "GBR"]
[SourceTitle "playchess.com"]
[Source "ChessBase"]
[SourceQuality "1"]
[TimeControl "40/5400+30:1800+30"]

1. d4 {[%emt 0:00:00]} Nf6 {[%emt 0:04:24]} 2. c4 {[%emt 0:00:00]} e6 {[%emt 0:00:30]} 3. Nc3 {[%emt 0:00:00]} Bb4 {[%emt 0:01:49]} 4. e3 {[%emt 0:00:00]} b6 {[%emt 0:02:40]} 5. Bd3 {[%emt 0:00:16]} Bb7 {[%emt 0:00:11]} 6. Nf3 {[%emt 0:00:12]} Ne4 {[%emt 0:03:10]} 7. Qc2 {[%emt 0:01:29]} f5 {[%emt 0:00:50]} 8. O-O {[%emt 0:01:32]} Bxc3 {[%emt 0:08:36]} 9. bxc3 {[%emt 0:00:09]} c5 {[%emt 0:00:45]} 10. Nd2 {[%emt 0:06:54]} Nxd2 {[%emt 0:08:03]} 11. Bxd2 {[%emt 0:00:27]} O-O {[%emt 0:06:21]} 12. f3 {[%emt 0:02:15]} Nc6 {[%emt 0:03:45]} 13. Rab1 {[%emt 0:04:05]} Qe7 {[%emt 0:02:23]} 14. Be1 {[%emt 0:05:52]} d6 {[%emt 0:05:37]} 15. Bf2 {[%emt 0:05:08]} Rad8 {[%emt 0:05:27]} 16. e4 {[%emt 0:06:54]} Qf6 {[%emt 0:04:21]} 17. dxc5 {[%emt 0:10:34]} dxc5 {[%emt 0:02:41]} 18. Bxc5 {[%emt 0:01:54]} Rf7 {[%emt 0:00:39]} 19. Be3 {[%emt 0:06:26]} f4 {[%emt 0:00:40]} 20. Bf2 {[%emt 0:01:11]} Rfd7 {[%emt 0:01:51]} 21. Rfd1 {[%emt 0:02:54]} Ba6 {[%emt 0:03:01]} 22. Bf1 {[%emt 0:09:23]} Na5 {[%emt 0:08:35]} 23. Rxd7 {[%emt 0:10:38]} Rxd7 {[%emt 0:00:07]} 24. c5 {[%emt 0:07:43]} Bxf1 {[%emt 0:00:40]} 25. Rxf1 {[%emt 0:03:08]} Qd8 {[%emt 0:02:33]} 26. cxb6 {[%emt 0:01:35]} axb6 {[%emt 0:00:06]} 27. Qa4 {[%emt 0:01:32]} Qc7 {[%emt 0:00:57]} 28. Rd1 {[%emt 0:01:36]} Rxd1+ {[%emt 0:06:00]} 29. Qxd1 {[%emt 0:00:03]} Nc4 {[%emt 0:00:20]} 30. Qd4 {[%emt 0:03:14]} Kf7 {[%emt 0:00:44]} 31. g3 {[%emt 0:01:25]} b5 {[%emt 0:05:26]} 32. Kg2 {[%emt 0:01:28]} Kg6 {[%emt 0:02:50]} 33. h4 {[%emt 0:03:35]} e5 {[%emt 0:01:44]} 34. Qd5 {[%emt 0:01:38]} fxg3 {[%emt 0:00:48]} 35. Qe6+ {[%emt 0:00:29]} 1-0

[Event "106th British-ch Major 2019"]
[Site "Torquay"]
[Date "2019.08.04"]
[Round "9.21"]
[White "Barton, R Alan"]
[Black "Roy, Ali"]
[Result "0-1"]
[WhiteElo "1941"]
[BlackElo "1871"]
[Annotator "NA"]
[PlyCount "46"]
[EventDate "2019.07.27"]
[EventType "swiss"]
[EventCountry "GBR"]
[SourceTitle "playchess.com"]
[Source "ChessBase"]
[SourceQuality "1"]
[TimeControl "40/5400+30:1800+30"]

1. Nf3 {[%emt 0:00:00]} Nf6 {[%emt 0:00:00]} 2. c4 {[%emt 0:00:00]} e6 {[%emt 0:00:15]} 3. g3 {[%emt 0:01:01]} d5 {[%emt 0:00:16]} 4. Bg2 {[%emt 0:00:28]} Be7 {[%emt 0:01:00]} 5. O-O {[%emt 0:00:29]} O-O {[%emt 0:00:20]} 6. b3 {[%emt 0:01:46]} c5 {[%emt 0:00:19]} 7. Bb2 {[%emt 0:03:31]} Nc6 {[%emt 0:00:33]} 8. cxd5 {[%emt 0:01:43]} exd5 {[%emt 0:01:39]} 9. d4 {[%emt 0:00:27]} b6 {[%emt 0:02:38]} 10. Nc3 {[%emt 0:04:07]} Bb7 {[%emt 0:01:21]} 11. Rc1 {[%emt 0:02:55]} Re8 {[%emt 0:04:02]} 12. a3 {[%emt 0:06:59]} Rc8 {[%emt 0:09:20]} 13. Bh3 {[%emt 0:06:38]} Rb8 {[%emt 0:01:28]} 14. Qd3 {[%emt 0:06:44]} cxd4 {[%emt 0:02:09]} 15. Nxd4 {[%emt 0:05:40]} Nxd4 {[%emt 0:00:18]} 16. Qxd4 {[%emt 0:00:04]} Bc5 {[%emt 0:00:37]} 17. Qh4 {[%emt 0:02:39]} d4 {[%emt 0:01:50]} 18. Rfd1 {[%emt 0:04:39]} Qe7 {[%emt 0:05:35]} 19. Nb1 {[%emt 0:10:28]} Qxe2 {[%emt 0:02:58]} 20. Nd2 {[%emt 0:00:35]} Ne4 {[%emt 0:09:54]} 21. Nxe4 {[%emt 0:06:59]} Rxe4 {[%emt 0:01:50]} 22. Qg5 {[%emt 0:05:20]} Qf3 {[%emt 0:04:49]} 23. Bg2 {[%emt 0:03:45]} Re1+ {[%emt 0:00:06]} 0-1